Loading...
| Social Science | 0 | 9 | 1 | 2 | 85 | 79 | 124.33 | 6 | 9 | 0.00 | 0.00 |
| Science - Physics | 1 | 7 | 1 | 0 | 80 | 45 | 88.13 | 7 | 8 | 0.00 | 0.00 |
| Fine Arts - Painting and Sculpture | 1 | 6 | 1 | 1 | 70 | 58 | 111.00 | 5 | 7 | 0.00 | 0.00 |
| Science - Chemistry | 1 | 5 | 1 | 0 | 60 | 43 | 78.17 | 6 | 6 | 0.00 | 0.00 |
| Mythology | 1 | 4 | 0 | 1 | 55 | 81 | 116.20 | 3 | 5 | 0.00 | 0.00 |
| Literature - Poetry | 1 | 4 | 1 | 1 | 50 | 50 | 111.40 | 2 | 5 | 0.00 | 0.00 |
| Other Academic | 1 | 4 | 1 | 0 | 50 | 72 | 98.20 | 2 | 5 | 0.00 | 0.00 |
| Philosophy | 0 | 5 | 0 | 0 | 50 | 85 | 120.80 | 3 | 5 | 0.00 | 0.00 |
| Science - Biology | 3 | 2 | 4 | 0 | 45 | 9 | 67.80 | 4 | 5 | 0.00 | 0.00 |
| History - World | 0 | 5 | 1 | 2 | 45 | 85 | 120.20 | 1 | 5 | 0.00 | 0.00 |
| Religion | 1 | 3 | 0 | 0 | 45 | 90 | 117.00 | 3 | 4 | 0.00 | 0.00 |
| Literature - Drama | 0 | 4 | 0 | 0 | 40 | 106 | 123.00 | 2 | 4 | 0.00 | 0.00 |
| Science - Other | 0 | 5 | 3 | 0 | 35 | 63 | 94.80 | 4 | 5 | 0.00 | 0.00 |
| Current Events | 1 | 2 | 0 | 0 | 35 | 62 | 112.67 | 0 | 3 | 0.00 | 0.00 |
| Fine Arts - Other | 0 | 3 | 0 | 0 | 30 | 95 | 110.00 | 1 | 3 | 0.00 | 0.00 |
| Fine Arts - Classical Music | 0 | 3 | 1 | 2 | 25 | 122 | 137.00 | 0 | 3 | 0.00 | 0.00 |
| Literature - Long Fiction | 0 | 3 | 1 | 0 | 25 | 116 | 133.33 | 0 | 3 | 0.00 | 0.00 |
| Short Fiction and Other | 0 | 3 | 1 | 0 | 25 | 89 | 117.67 | 1 | 3 | 0.00 | 0.00 |
| History - European | 0 | 2 | 0 | 1 | 20 | 110 | 123.50 | 0 | 2 | 0.00 | 0.00 |
| History - American | 0 | 2 | 0 | 0 | 20 | 90 | 95.50 | 2 | 2 | 0.00 | 0.00 |
| Geography | 0 | 2 | 0 | 0 | 20 | 71 | 100.50 | 1 | 2 | 0.00 | 0.00 |
| Literature - Short Fiction | 1 | 0 | 0 | 1 | 15 | 75 | 75.00 | 1 | 1 | 0.00 | 0.00 |
| Science - Math | 0 | 1 | 0 | 0 | 10 | 144 | 144.00 | 0 | 1 | 0.00 | 0.00 |
| History - Other | 1 | 0 | 2 | 0 | 5 | 79 | 79.00 | 1 | 1 | 0.00 | 0.00 |
| History - Ancient | 0 | 0 | 0 | 0 | 0 | 0.00 | 0 | 0 | 0.00 | 0.00 |